| 000 | 02246cam a22005774i 4500 | ||
|---|---|---|---|
| 003 | PE-LiUPU | ||
| 005 | 20250731184540.0 | ||
| 008 | 190321s1992 ilua rb 000 0 eng d | ||
| 020 |
_a9780226194455 _q(Volumen 1) |
||
| 020 |
_a9780226194462 _q(Volumen 2) |
||
| 035 | _a(Sirsi) i9780226194455 | ||
| 035 | _a(OCoLC)469935411 | ||
| 040 |
_aPE-LiUPU _bspa _cPE-LiUPU _erda |
||
| 049 | _aPRUA | ||
| 082 | 0 | 4 |
_a930.0202 _bCh575 _220 |
| 245 | 0 | 0 |
_aChronologies in old world archaeology / _cedited by Robert W. Ehrich. |
| 250 | _aThird edition. | ||
| 264 | 1 |
_aChicago, Ill. : _bUniversity of Chicago Press, _c1992. |
|
| 300 |
_a2 volomenes : _bilustraciones ; _c29 centímetros |
||
| 336 |
_atext _2rdacontent |
||
| 337 |
_aunmediated _2rdamedia |
||
| 338 |
_avolume _2rdacarrier |
||
| 504 | _aÍndice: páginas 553-588. | ||
| 505 | 0 |
_aVolumen I, _aChronologies in old world archaeology. |
|
| 505 | 0 |
_aVolumen II, _aChronologies in old world archaeology. |
|
| 526 | _aP136 | ||
| 526 | _aP135 | ||
| 526 | _aP134 | ||
| 526 | _aP133 | ||
| 526 | _aP144 | ||
| 526 | _aP143 | ||
| 526 | _aP87 | ||
| 526 | _aP35 | ||
| 526 | _aP20 | ||
| 526 | _aP14 | ||
| 526 | _aP10 | ||
| 526 | _aP06 | ||
| 650 | 0 | _aAntigüedades, prehistóricas. | |
| 650 | 0 | _aAntigüedades. | |
| 650 | 0 |
_aHistoria, Antigua _VCronología. |
|
| 700 | 1 |
_aEhrich, Robert W., _eeditor. |
|
| 910 |
_adbm _bjpc _cjpc _d20190321 |
||
| 942 |
_2ddc _cBOOK |
||
| 949 |
_aa930.0202 Ch575 _wDEWEY _c1 _i79928 _lCATALOGING _mBUL _p110.00 _r0 _sY _tBOOK _u2019-03-21 _xTEOLOGIA _zP35 _0COMPRA _o.STAFF. Colección Teología |
||
| 949 |
_aa930.0202 Ch575 _wDEWEY _c2 _i79929 _lCATALOGING _mBUL _p110.00 _r0 _sY _tBOOK _u2019-03-21 _xTEOLOGIA _zP35 _0COMPRA _o.STAFF. Colección Teología |
||
| 994 |
_aC0 _bPEPRU |
||
| 596 | _a1 | ||
| 999 |
_a930.0202 CH575 1 _wDEWEY _c31276 _i79928 _f2021-11-11 _g3 _lCCODEBUL1 _mBUL _p110.00 _r0 _sY _tBOOK _u2019-3-21 _xTEOLOGIA _PP35 _0COMPRA _o.STAFF. Colección Teología _d31276 |
||
| 999 |
_a930.0202 CH575 2 _wDEWEY _c1 _i79929 _f2021-11-11 _g3 _lCCODEBUL1 _mBUL _p110.00 _r0 _sY _tBOOK _u2019-3-25 _xTEOLOGIA _PP35 _0COMPRA _o.STAFF. Colección Teología |
||
| 980 |
_81 _gALBERTO SANCHEZ Responsable de Automatización |
||